000 00656nam a2200265Ia 4500
005 20260121170342.0
008 008 260114s9999 xx 000 0 eng d
020 _a9781493975815
037 _aEBOOK
040 _aCRL
040 _beng
040 _cCRL
041 _2eng
041 _aeng
084 _qCRL
100 _aGianfranco Minati, Eliano Pessa
_91062833
245 0 _aFrom Collective Beings to Quasi-Systems
260 _bSpringer
260 _bSpringer
260 _c2018
856 _uhttps://link.springer.com/openurl?genre=book&isbn=978-1-4939-7581-5
942 _cEBOOK
999 _c1628562
_d1628562